000 01074nam a2200229Ia 4500
003 Ost
005 20260507075758.0
008 260507s9999||||xx |||||||||||||| ||und||
020 _a9789969537772
040 _cfsecg
041 _aara
082 _a332.1
100 _aبن عيسى، منير
_eمؤلف
245 0 _aالصيرفة الاسلامية ودورها في تمويل الاستثمار المحلي :
_bالتجرية الماليزية /
_c منير بن عيسى
260 _aالجزائر:
_bدار إيلياء للنشر والتوزيع,
_c2024
300 _a244 صفحة؛
_bإيضاحات ؛
_c24 سم
504 _aببليوغرافيا: ص.ص 225-244
520 _aالصيرفة الاسلامية والاستثمار المحلي، الدراسة الميدانية: دور الصيرفة الاسلامية في دعم الاستثمار المحلي في ماليزيا (مع الاشارة لحالة الجزائر)
653 _aالاقتصاد المالي
653 _aالصيرفة الاسلامية
942 _cكتاب
999 _c46255
_d46255